Datum a čas kvízu
28
Celkem bodů
Celkový počet nahraných bodů na tomto kvízu bez doplňovacích otázek.
10.
Pořadí na kvízu
Konečné umístění týmu na tomto kvízu.
Zaznamenané odpovědi
| # | Otázka | Odpověď | Body | Výsledky |
|---|---|---|---|---|
| 1. | Který český politik zveřejnil... | Vít Rakušan | 0 | |
| 2. | Správci pozůstalosti nedávno z... | Sinéad O'Connor | 0 | |
| 3. | Frontman jedné úspěšné britské... | Dakota Johnson, Chris Martin | 0 | |
| 4. | Společnost ČEZ podepsala dohod... | z Francie | 1 | |
| 5. | Ve čtvrtek byla odehrána evrop... | 3 : 9 | 1 | |
| 6. | Začneme prvním českým králem p... | Rudolf (I. Habsburský) | 0 | |
| 7. | Další „slavnou“ prohrou, která... | ve Francii | 0 | |
| 8. | Za naši slavnou prohru lze ozn... | D | 1 | |
| 9. | Bitva na Bílé hoře v roce 1620... | D) 2 hodiny | 0 | |
| 10. | Mnichovská dohoda je typickým... | appeasement | 1 |